[Event "Kort Paaske 1-2"]
[Site "Svendborg"]
[Date "2019.04.15"]
[Round "4"]
[White "Thorup, Bo Beier"]
[Black "Madsen, Michael Leerberg"]
[Result "0-1"]
[WhiteElo "1688"]
[BlackElo "1708"]
[PlyCount "62"]
[EventDate "2019.04.13"]
[EventRounds "5"]
[EventCountry "DEN"]

1. e4 c5 2. d4 cxd4 3. c3 dxc3 4. Nxc3 e6 5. Nf3 Nc6 6. Bc4 a6 7. O-O b5 8. Bb3
Bb7 9. Nd5 d6 10. Nf4 Qd7 11. Qe2 Nge7 12. Ng5 Nd4 13. Qd3 Nxb3 14. Qxb3 d5 15.
Rd1 h6 16. Nf3 Rd8 17. Be3 Qc8 18. Rac1 Qa8 19. Bb6 Rd6 20. Bc5 Rd8 21. Bb6 Rc8
22. Bc7 dxe4 23. Ne5 Nd5 24. Nxf7 Kxf7 25. Nxe6 Kxe6 26. Qh3+ Kf7 27. Qf5+ Kg8
28. Qe6+ Kh7 29. Qf5+ g6 30. Qf7+ Bg7 31. Be5 Rhg8 0-1

[Event "Kort Paaske 1-2"]
[Site "Svendborg"]
[Date "2019.04.15"]
[Round "4"]
[White "Holm, Henrik"]
[Black "Rasmussen, Henrik Egede"]
[Result "1/2-1/2"]
[WhiteElo "1829"]
[BlackElo "1825"]
[PlyCount "69"]
[EventDate "2019.04.13"]
[EventRounds "5"]
[EventCountry "DEN"]

1. e4 c6 2. c4 d5 3. exd5 cxd5 4. Nf3 Nf6 5. g3 dxc4 6. Qa4+ Bd7 7. Qxc4 Bc6 8.
Bg2 Nbd7 9. d4 e6 10. O-O Rc8 11. Qb3 Qb6 12. Nbd2 Bd5 13. Qe3 Be7 14. h3 O-O
15. b3 Rc2 16. Ne1 Bxg2 17. Nxg2 Nd5 18. Qe4 Rc7 19. Nc4 Qa6 20. Nf4 N7f6 21.
Qf3 b5 22. Ne3 Rc3 23. Bd2 Nxe3 24. Bxe3 Ba3 25. d5 e5 26. Nh5 Nxh5 27. Qxh5
Qd6 28. Rfd1 a6 29. Qg4 Bc5 30. Rac1 Rxc1 31. Bxc1 f5 32. Qe2 Bd4 33. Qf3 g6
34. Be3 Bxe3 35. Qxe3 1/2-1/2

[Event "Kort Paaske 1-2"]
[Site "Svendborg"]
[Date "2019.04.15"]
[Round "4"]
[White "Nielsen Refs, Ingrid Elmer"]
[Black "Norgaard, Poul"]
[Result "1-0"]
[WhiteElo "1443"]
[BlackElo "1740"]
[PlyCount "79"]
[EventDate "2019.04.13"]
[EventRounds "5"]
[EventCountry "DEN"]

1. d4 Nc6 2. c4 e5 3. e3 Bb4+ 4. Nc3 exd4 5. exd4 d5 6. Nf3 Nf6 7. a3 Bxc3+ 8.
bxc3 O-O 9. Bd3 Re8+ 10. Be3 dxc4 11. Bxc4 Nd5 12. Qd2 Be6 13. Bd3 Bg4 14. Be2
Nxe3 15. fxe3 Qe7 16. Kf2 Qf6 17. Rhf1 Re7 18. Rae1 Rae8 19. Bd1 Qh6 20. h3 Bf5
21. Nh2 Be4 22. Ng4 Qg5 23. Kg1 Bf5 24. Kf2 h5 25. Nh2 Qh4+ 26. Kg1 Qg5 27. Nf3
Qg3 28. Qf2 Qd6 29. Nh4 Bd3 30. Be2 Bxe2 31. Nf5 Qxa3 32. Nxe7+ Rxe7 33. Qxe2
Qxc3 34. Qxh5 a5 35. d5 Ne5 36. e4 b5 37. Rc1 Qe3+ 38. Kh1 Qxe4 39. d6 g6 40.
dxe7 1-0

[Event "Kort Paaske 1-2"]
[Site "Svendborg"]
[Date "2019.04.15"]
[Round "4"]
[White "Nielsen Refs, Karl Emil Elmer"]
[Black "Hoyerup, Silas"]
[Result "1-0"]
[WhiteElo "1541"]
[BlackElo "1750"]
[PlyCount "45"]
[EventDate "2019.04.13"]
[EventRounds "5"]
[EventCountry "DEN"]

1. e4 e5 2. Nf3 Nc6 3. Bc4 Bc5 4. O-O Nf6 5. d4 Bxd4 6. Nxd4 Nxd4 7. f4 Nc6 8.
Bxf7+ Kxf7 9. fxe5 Nxe5 10. Qd5+ Kf8 11. Qxe5 d6 12. Qd4 Be6 13. Bh6 Kf7 14.
Bg5 h6 15. Bh4 Rf8 16. e5 dxe5 17. Qxe5 Qe7 18. Nc3 g5 19. Ne4 Kg7 20. Bxg5
hxg5 21. Qxg5+ Kh8 22. Nxf6 Rxf6 23. Rxf6 1-0

[Event "Kort Paaske 1-2"]
[Site "Svendborg"]
[Date "2019.04.15"]
[Round "4"]
[White "Velarde, Andrew"]
[Black "Hansen, Jorgen Frank"]
[Result "1/2-1/2"]
[WhiteElo "1713"]
[BlackElo "1757"]
[PlyCount "22"]
[EventDate "2019.04.13"]
[EventRounds "5"]
[EventCountry "DEN"]

1. e3 e5 2. Nc3 Nf6 3. d4 exd4 4. exd4 d5 5. Bf4 c6 6. Bd3 Bd6 7. Bg3 Bg4 8.
Qd2 Qe7+ 9. Qe3 Qxe3+ 10. fxe3 Bxg3+ 11. hxg3 Nbd7 1/2-1/2

[Event "Kort Paaske 1-2"]
[Site "Svendborg"]
[Date "2019.04.15"]
[Round "4"]
[White "Hansen, Anders"]
[Black "Ankjaer, Allan"]
[Result "1-0"]
[WhiteElo "1567"]
[BlackElo "1690"]
[PlyCount "73"]
[EventDate "2019.04.13"]
[EventRounds "5"]
[EventCountry "DEN"]

1. b3 Nf6 2. Bb2 e6 3. Nf3 d5 4. g3 c5 5. d3 Nc6 6. Bg2 Bd6 7. O-O O-O 8. Nbd2
e5 9. e3 Re8 10. e4 d4 11. Nc4 Bc7 12. a4 Be6 13. Nfd2 Qd7 14. Ba3 b6 15. f4
Bh3 16. f5 Bxg2 17. Kxg2 Reb8 18. g4 h6 19. h4 Nh7 20. Nf3 f6 21. Bc1 Kf7 22.
g5 hxg5 23. hxg5 Ke7 24. g6 Nf8 25. Rh1 Nxg6 26. fxg6 Qg4+ 27. Kf2 Qxg6 28. Nh4
Qf7 29. Nf5+ Kd7 30. Qg4 Qe6 31. Qxg7+ Kc8 32. Rh8+ Nd8 33. Bd2 Qd7 34. Qxf6
Kb7 35. Rah1 Nf7 36. Rxb8+ Rxb8 37. Qe7 1-0

[Event "Kort Paaske 1-2"]
[Site "Svendborg"]
[Date "2019.04.15"]
[Round "4"]
[White "Aggerbeck Lauritzen, Nikolaj"]
[Black "Nielsen, Jorgen Holmstrom"]
[Result "0-1"]
[WhiteElo "1434"]
[BlackElo "1722"]
[PlyCount "88"]
[EventDate "2019.04.13"]
[EventRounds "5"]
[EventCountry "DEN"]

1. e4 Nf6 2. Nc3 d5 3. exd5 Nxd5 4. Bc4 e6 5. Qf3 c6 6. Nge2 Nd7 7. Nxd5 cxd5
8. Bb3 Bd6 9. d4 a5 10. a3 b5 11. Bd2 O-O 12. O-O Bb7 13. Rfe1 Rc8 14. Nc3 Bc6
15. a4 bxa4 16. Bxa4 Bxa4 17. Nxa4 Rxc2 18. Bc3 Qf6 19. Qe3 Bb4 20. Rab1 Rb8
21. Rf1 Qf5 22. Bxb4 Rxb4 23. Qa3 Rxd4 24. Qe7 Nf8 25. Qe8 e5 26. h3 Rdd2 27.
Qa8 e4 28. Qb8 Rxf2 29. Qg3 Rxg2+ 30. Qxg2 Rxg2+ 31. Kxg2 Qg6+ 32. Kh2 e3 33.
Nc3 d4 34. Nd5 Qd6+ 35. Nf4 g5 36. Ra1 gxf4 37. Rg1+ Ng6 38. h4 f3+ 39. Kh3
Qe6+ 40. Kh2 Qe5+ 41. Kh3 Qf5+ 42. Kh2 Qf4+ 43. Rg3 Qxh4+ 44. Rh3 Qf2+ 0-1

[Event "Kort Paaske 1-2"]
[Site "Svendborg"]
[Date "2019.04.15"]
[Round "4"]
[White "Iskos, Lukas"]
[Black "Vedso, Michael"]
[Result "0-1"]
[WhiteElo "1628"]
[BlackElo "1689"]
[PlyCount "50"]
[EventDate "2019.04.13"]
[EventRounds "5"]
[EventCountry "DEN"]

1. e4 c6 2. d4 d5 3. exd5 cxd5 4. c4 Nf6 5. Nc3 e6 6. Bg5 Be7 7. Bxf6 Bxf6 8.
cxd5 exd5 9. Bb5+ Nc6 10. Nf3 O-O 11. O-O Bg4 12. Bxc6 bxc6 13. Ne2 Re8 14. Rc1
Qb6 15. Qd2 Rab8 16. b3 h6 17. Rc3 Qb4 18. Qc2 Rxe2 19. Qd3 Bxf3 20. gxf3 Qxd4
21. Qxe2 Qxc3 22. Re1 Rd8 23. Rd1 Kf8 24. Qa6 Qc5 25. Qb7 Qb6 0-1

[Event "Kort Paaske 1-2"]
[Site "Svendborg"]
[Date "2019.04.15"]
[Round "5"]
[White "Falkesgaard, Jeppe Hald"]
[Black "Hansen, Anders"]
[Result "1-0"]
[WhiteElo "1834"]
[BlackElo "1567"]
[PlyCount "67"]
[EventDate "2019.04.13"]
[EventRounds "5"]
[EventCountry "DEN"]

1. d4 Nf6 2. c4 e6 3. Nf3 c5 4. d5 exd5 5. cxd5 d6 6. e4 g6 7. Nc3 Bg7 8. Bd3
O-O 9. O-O a6 10. a4 Nbd7 11. Bf4 Qc7 12. Nd2 Ne5 13. Bxe5 dxe5 14. Nc4 Ne8 15.
a5 Nd6 16. Nb6 Rb8 17. Nca4 Bd7 18. Nxc5 Bc8 19. Rc1 Qd8 20. Qa4 Re8 21. Rc2
Bh6 22. Rd1 Bg4 23. Rb1 Qh4 24. Qb4 Bf8 25. Qa4 Qh5 26. Ncd7 Be7 27. Nxb8 Rxb8
28. Rc3 Qg5 29. Kh1 Qf4 30. Qc2 Bh4 31. f3 Bxf3 32. gxf3 Qxf3+ 33. Qg2 Qe3 34.
Rd1 1-0

[Event "Kort Paaske 1-2"]
[Site "Svendborg"]
[Date "2019.04.15"]
[Round "5"]
[White "Rasmussen, Henrik Egede"]
[Black "Nielsen, Jorgen Holmstrom"]
[Result "1-0"]
[WhiteElo "1825"]
[BlackElo "1722"]
[PlyCount "75"]
[EventDate "2019.04.13"]
[EventRounds "5"]
[EventCountry "DEN"]

1. e4 Nf6 2. e5 Nd5 3. Nc3 e6 4. Nxd5 exd5 5. d4 d6 6. f4 dxe5 7. dxe5 Bc5 8.
Nf3 c6 9. Bd3 Bg4 10. h3 Bxf3 11. Qxf3 Qh4+ 12. g3 Qe7 13. Qg4 Nd7 14. Bd2 g6
15. O-O-O O-O-O 16. Rde1 h5 17. Qe2 Qe6 18. g4 f5 19. exf6 Qxf6 20. Rhf1 hxg4
21. Qxg4 Rh4 22. Qxg6 Qxg6 23. Bxg6 Rxh3 24. f5 Bd4 25. f6 Rg3 26. Bf5 Rg2 27.
c3 Bc5 28. f7 Rg7 29. Be6 Kc7 30. Bf4+ Kc8 31. b4 Bf8 32. Be5 Rg2 33. Bf6 Bh6+
34. Kb1 Rf8 35. Be7 Kc7 36. Bxd7 Kxd7 37. Bxf8 Bxf8 38. Re8 1-0

[Event "Kort Paaske 1-2"]
[Site "Svendborg"]
[Date "2019.04.15"]
[Round "5"]
[White "Hansen, Jorgen Frank"]
[Black "Norgaard, Poul"]
[Result "1-0"]
[WhiteElo "1757"]
[BlackElo "1740"]
[PlyCount "73"]
[EventDate "2019.04.13"]
[EventRounds "5"]
[EventCountry "DEN"]

1. e4 Nc6 2. Nf3 Nf6 3. Nc3 d6 4. d4 g6 5. h3 Bg7 6. Be3 O-O 7. Qd2 e5 8. dxe5
dxe5 9. Rd1 Qe7 10. Nd5 Nxd5 11. exd5 Rd8 12. Qc1 Nb8 13. Be2 Nd7 14. O-O Nf6
15. c4 b6 16. Bh6 Bh8 17. Bg5 Bb7 18. Rfe1 Qd6 19. Bf1 Re8 20. b3 a5 21. Be3
Nd7 22. Nh2 f5 23. f4 e4 24. g4 Rf8 25. Be2 a4 26. gxf5 gxf5 27. Qc2 axb3 28.
axb3 Qh6 29. Bf1 Ra7 30. Rd2 Rfa8 31. Rg2+ Kf7 32. Qf2 Qxh3 33. Rg7+ Bxg7 34.
Bxh3 Ra2 35. Qh4 Rg8 36. Qh5+ Kf8 37. Kh1 1-0

[Event "Kort Paaske 1-2"]
[Site "Svendborg"]
[Date "2019.04.15"]
[Round "5"]
[White "Nielsen Refs, Karl Emil Elmer"]
[Black "Thorup, Bo Beier"]
[Result "0-1"]
[WhiteElo "1541"]
[BlackElo "1688"]
[PlyCount "62"]
[EventDate "2019.04.13"]
[EventRounds "5"]
[EventCountry "DEN"]

1. e4 c5 2. c4 Nc6 3. g3 g6 4. Bg2 Bg7 5. Nc3 e6 6. Nf3 Nge7 7. O-O O-O 8. d3
Nd4 9. Nxd4 cxd4 10. Ne2 d5 11. cxd5 exd5 12. exd5 Nxd5 13. Qb3 Nb6 14. a4 Be6
15. Qb4 Bd5 16. f3 Bc6 17. b3 Nd5 18. Qc5 Ne3 19. Bxe3 dxe3 20. Rad1 Re8 21. d4
Bd5 22. b4 b6 23. Qc3 Rc8 24. Qa3 Qe7 25. a5 Rc2 26. Rfe1 Bc4 27. Bf1 Qb7 28.
Qa4 Qxf3 29. Qxc2 Qf2+ 30. Kh1 Bd5+ 31. Bg2 Qxg2# 0-1

[Event "Kort Paaske 1-2"]
[Site "Svendborg"]
[Date "2019.04.15"]
[Round "5"]
[White "Hoyerup, Silas"]
[Black "Aggerbeck Lauritzen, Nikolaj"]
[Result "1/2-1/2"]
[WhiteElo "1750"]
[BlackElo "1434"]
[PlyCount "97"]
[EventDate "2019.04.13"]
[EventRounds "5"]
[EventCountry "DEN"]

1. d4 Nf6 2. e3 e6 3. Bd3 d5 4. f4 c5 5. c3 Nc6 6. Nf3 Qb6 7. O-O Bd6 8. Ne5
Nd7 9. Qh5 Nd8 10. Nd2 Nf6 11. Qe2 O-O 12. Rf3 h6 13. Rg3 Nc6 14. Ng4 Qd8 15.
Nxh6+ Kh8 16. Ng4 g6 17. Qf2 Kg7 18. Nxf6 Qxf6 19. Nf3 cxd4 20. cxd4 Nb4 21.
Bb1 Bd7 22. a3 Rac8 23. Bxg6 fxg6 24. axb4 Bxb4 25. Ne5 Be8 26. Rg5 Bd6 27. b3
Bxe5 28. dxe5 Qxg5 29. fxg5 Rxf2 30. Kxf2 a6 31. Ba3 Bb5 32. Rc1 Rxc1 33. Bxc1
Kf7 34. Ba3 Ke8 35. h4 Bd3 36. g4 Kf7 37. h5 Kg7 38. Be7 Bc2 39. h6+ Kh7 40. b4
Bd3 41. Ke1 Be4 42. Kd2 Bf3 43. Kc3 Bxg4 44. Kd4 Be2 45. Kc5 Bb5 46. Kd6 Bc4
47. Kc7 d4 48. exd4 Bd5 49. Bf6 1/2-1/2

[Event "Kort Paaske 1-2"]
[Site "Svendborg"]
[Date "2019.04.15"]
[Round "5"]
[White "Hansen, Mikkel Strandby"]
[Black "Madsen, Michael Leerberg"]
[Result "1/2-1/2"]
[WhiteElo "1685"]
[BlackElo "1708"]
[PlyCount "53"]
[EventDate "2019.04.13"]
[EventRounds "5"]
[EventCountry "DEN"]

1. d4 Nf6 2. Nf3 e6 3. Bf4 d5 4. e3 c5 5. c3 Nc6 6. Nbd2 cxd4 7. exd4 Be7 8.
Bd3 a6 9. O-O O-O 10. h3 Bd7 11. a4 Rc8 12. Bh2 h6 13. Re1 Kh8 14. Ne5 Be8 15.
Qb1 g6 16. Ndf3 Nh7 17. Ng4 h5 18. Nge5 Rg8 19. Nxc6 Rxc6 20. Ne5 Rc8 21. a5
Nf8 22. Qd1 Nd7 23. Nf3 Nb8 24. Qb3 Bc6 25. Ne5 Qe8 26. Nf3 Nd7 27. Ne5 1/2-1/2

[Event "Kort Paaske 1-2"]
[Site "Svendborg"]
[Date "2019.04.15"]
[Round "5"]
[White "Velarde, Andrew"]
[Black "Iskos, Lukas"]
[Result "1/2-1/2"]
[WhiteElo "1713"]
[BlackElo "1628"]
[PlyCount "68"]
[EventDate "2019.04.13"]
[EventRounds "5"]
[EventCountry "DEN"]

1. e3 e5 2. Nc3 d5 3. Qh5 Nc6 4. Bb5 Qd6 5. d4 exd4 6. exd4 Nf6 7. Qe5+ Be6 8.
Nf3 Ng4 9. Qxd6 Bxd6 10. h3 Nf6 11. Bg5 Ne4 12. Nxe4 dxe4 13. Nd2 h6 14. Be3 f5
15. g3 O-O 16. Nc4 Bxc4 17. Bxc4+ Kh8 18. O-O-O f4 19. gxf4 Bxf4 20. Bd5 Bxe3+
21. fxe3 Rae8 22. c3 Rf5 23. Bc4 Rf3 24. Kd2 Ne7 25. Be2 Rf2 26. Rdf1 Ref8 27.
Rxf2 Rxf2 28. Rf1 Rh2 29. Rf7 Ng6 30. Rxc7 Nh4 31. Re7 Nf3+ 32. Kd1 Rh1+ 33.
Kc2 Rh2 34. Kd1 Rh1+ 1/2-1/2

[Event "Kort Paaske 1-2"]
[Site "Svendborg"]
[Date "2019.04.15"]
[Round "5"]
[White "Vedso, Michael"]
[Black "Nielsen Refs, Ingrid Elmer"]
[Result "1/2-1/2"]
[WhiteElo "1689"]
[BlackElo "1443"]
[PlyCount "52"]
[EventDate "2019.04.13"]
[EventRounds "5"]
[EventCountry "DEN"]

1. e4 c5 2. Nc3 Nc6 3. f4 d6 4. Bc4 g6 5. Nf3 Bg7 6. O-O Nf6 7. e5 Nh5 8. exd6
Qxd6 9. g3 O-O 10. d3 Bh3 11. Ne4 Qc7 12. Re1 h6 13. c3 Rad8 14. Qe2 Rfe8 15.
Nf2 Bd7 16. Nh4 Na5 17. Bd5 Bc6 18. Bf3 Bxf3 19. Nxf3 Nc6 20. Be3 b6 21. Rad1
e5 22. fxe5 Nxe5 23. Nxe5 Rxe5 24. Qf3 Rf5 25. Qg2 Re8 26. Bd2 Rxe1+ 1/2-1/2

[Event "Kort Paaske 1-2"]
[Site "Svendborg"]
[Date "2019.04.15"]
[Round "5"]
[White "Ankjaer, Allan"]
[Black "Holm, Henrik"]
[Result "0-1"]
[WhiteElo "1690"]
[BlackElo "1829"]
[PlyCount "77"]
[EventDate "2019.04.13"]
[EventRounds "5"]
[EventCountry "DEN"]

1. e4 Nc6 2. Nf3 e5 3. d4 exd4 4. Bc4 Nf6 5. e5 d5 6. Bb5 Ne4 7. Nxd4 Bc5 8.
Be3 Bxd4 9. Bxd4 Bd7 10. Bxc6 bxc6 11. O-O O-O 12. f3 Ng5 13. Bf2 Ne6 14. c3
Qg5 15. Re1 f6 16. Bg3 f5 17. f4 Qg6 18. Na3 h5 19. Qd2 Kf7 20. Qf2 Rh8 21. h3
Rab8 22. b3 a5 23. Nc2 Rb6 24. b4 axb4 25. cxb4 Rhb8 26. Rab1 c5 27. a3 Ba4 28.
Kh2 Qh6 29. Ne3 Qg6 30. Nxd5 Rb5 31. Nc3 R5b7 32. Nxa4 Ra7 33. Nxc5 Rxa3 34.
Nxe6 Qxe6 35. Qc5 Rba8 36. Qxc7+ Kg8 37. Red1 Qg6 38. Bh4 Ra2 39. Bg5 0-1